Statistics for Musical Acts by State - Texas

Click here to take the quiz!

General Stats

  • This quiz has been taken 40 times
  • The average score is 13 of 30

Answer Stats

City/TownSongsAnswer% Correct
HoustonHalo | Crazy In LoveBeyoncé
82%
DallasI'd Do Anything For You (But I Won't Do That) | Paradise By The Dashboard LightMeat Loaf
82%
HoustonLa Grange | Sharp Dressed ManZZ Top
82%
LubbockThat'll Be The Day | Peggy SueBuddy Holly
79%
Port ArthurMe And Bobby McGee | Piece Of My HeartJanis Joplin
79%
VernonOh, Pretty Woman | You Got ItRoy Orbison
74%
HoustonThe Gambler | Islands In The StreamKenny Rogers
71%
Fort Worth
Because Of You | Stronger (What Doesn't Kill You)Kelly Clarkson
68%
AbbottOn The Road Again | Always On My MindWillie Nelson
68%
GilmerThe Boys Of Summer | New York MinuteDon Henley
61%
HoustonSicko Mode | Highest In The RoomTravis Scott
55%
San Antonio
Sailing | Arthurs Theme (Best That You Can Do)
Christopher Cross
47%
San AntonioSavage | BodyMegan Thee Stallion
42%
New Braunfels
Kiss Me | There She Goes
Sixpence None The Richer
42%
Grand PrairieLose You To Love Me | Tell Me Something I Don't KnowSelena Gomez
37%
San AntonioPepper | Who Was In My Room Last Night?Butthole Surfers
34%
HoustonShe's Like The Wind | Raising Heaven (In Hell Tonight)Patrick Swayze
34%
DallasPride And Joy | Little WingStevie Ray Vaughan
34%
Port ArthurChantilly Lace | Crazy BluesThe Big Bopper
32%
HoustonI Can See Clearly Now | Hold Me TightJohnny Nash
29%
ArlingtonWalk | Cowboys From HellPantera
29%
MineolaFollow Your Arrow | RainbowKacey Musgraves
21%
AustinBright Lights | Come TogetherGary Clark Jr.
18%
PoteetCheck Yes Or No | Write This DownGeorge Strait
18%
AnsonHarper Valley PTA | The Girl Most LikelyJeannie C. Riley
18%
LittlefieldLuckenbach, Texas (Back To The Basics Of Love) | Good Hearted WomanWaylon Jennings
18%
San AntonioMmm Yeah | All I Ever NeedAustin Mahone
16%
DallasOn & On | Didn't Cha Know?Erykah Badu
13%
San MarcosSugar | BleachBrockhampton
5%
ArlingtonHallelujah | Daft PunkPentatonix
5%

Score Distribution

Percentile by Number Answered

Percent of People with Each Score

Your Score History

You have not taken this quiz